Match the Song Lyrics - Statistics

General Stats
  • This quiz has been taken 118 times
  • The average score is 10 of 15
Answer Stats
Hint Answer % Correct
Havana, ooh na-na Half of my heart is in Havana, ooh na-na
95%
I’m in love with the shape of you We push and pull like a magnet do
86%
Dashing through the snow In a one-horse open sleigh
82%
I love it when you call me Señorita I wish I could pretend I didn’t need ya
75%
I got the eye of the tiger, a fighter Dancing through the fire
73%
I said, ooh, I’m blinded by the lights No, I can’t sleep until I feel your touch, touch
73%
Oh, the misery Everybody wants to be my enemy
72%
But I keep cruisin’ Can’t stop, won’t stop movin’
68%
Swish, swish, bish Another one in the basket
67%
And if I only could I’d make a deal with god
66%
Tell me, why are we wasting time On all your wasted crying
56%
Too late, my time has come Sends shivers down my spine, body’s aching all the time
52%
So they say Dance for me, dance for me, dance for me, oh-oh
49%
It’s your golden hour, (oh) You slow down time
44%
He got that, mmm, green eyes, givin’ me signs That he really wants to know my name, hey
38%
No matching quizzes found
Score Distribution
Percent of People with Each Score
Percentile by Number Answered
Your Score History
You have not taken this quiz